Prueba de Angola - Estadísticas

Estadísticas generales
  • Esta prueba ha sido intentada 1.132 veces
  • La puntuación promedio es 9 de 15
Estadísticas de respuestas
Pista Respuesta % Correcto
País que limita con Angola cuyo nombre empieza con Z Zambia
97%
País que limita con Angola al sur Namibia
91%
Idioma oficial Portugués
86%
Capital de Angola Luanda
82%
Ideología de Estado de Angola, 1975-1992 {Comun}ismo
75%
Desde finales del siglo XVI hasta 1820, muchos esclavos fueron capturados en Angola. ¿A qué país fueron enviados más a menudo? Brasil
66%
Los dos ríos más largos que tocan alguna parte de Angola Congo
66%
Esto representa el 97% de las exportaciones de Angola Petróleo
62%
Angola es el cuarto productor de este mineral, sólo por detrás de Rusia, Botswana y Canadá Diamantes
60%
Angola y Lituania tienen muy poco en común. Una cosa que sí comparten: este es el deporte más popular en ambos países. Básquetbol
56%
País que recibe casi dos tercios de las exportaciones de Angola China
56%
Los dos ríos más largos que tocan alguna parte de Angola Zambeze
41%
Exclave que representa más de la mitad de la producción de la respuesta anterior Cabinda
24%
Moneda de Angola (nombre similar de un río y una fiesta afroamericana) Kwanza
19%
Grupo de personas que desplazaron a las poblaciones originales San y Khoi en el primer milenio aC Bantú
16%
No se encontraron pruebas coincidentes
Distribución de puntuación
Porcentaje de gente con cada puntuación
Porcentaje por número respondido
Historial de tus puntuaciones
No has intentado esta prueba.